Statistics for Spanish Vocabulary Words That Start With O

Click here to take the quiz!

General Stats

  • This quiz has been taken 2,880 times
  • The average score is 18 of 25

Answer Stats

English español % Correct
eyeojo
93%
Octoberoctubre
91%
goldoro
89%
officeoficina
87%
busyocupado
83%
to hearoír
83%
opportunityoportunidad
81%
westoeste
81%
to forgetolvidar
81%
to obtainobtener
79%
to observeobservar
78%
autumnotoño
76%
to organizeorganizar
76%
bearoso
76%
darkoscuro
70%
obviousobvio
70%
earoreja
67%
to hateodiar
65%
obeseobeso
57%
to smelloler
54%
to offerofrecer
54%
proudorgulloso
50%
to orderordenar
47%
sheepoveja
44%
oxygenoxígeno
39%

Score Distribution

Percentile by Number Answered

Percent of People with Each Score

Your Score History

You have not taken this quiz